Rajasthan Urdu Reader, Part 2 and 3 Bound Together (Record no. 7572)
[ view plain ]
| 000 -LEADER | |
|---|---|
| fixed length control field | 00629nam a2200241 a 4500 |
| 020 ## - INTERNATIONAL STANDARD BOOK NUMBER | |
| ISBN | |
| 082 00 - DEWEY DECIMAL CLASSIFICATION NUMBER | |
| Classification number | 491.43 |
| Author Cutter | ZAI |
| 100 ## - MAIN ENTRY--AUTHOR NAME | |
| Author name | Zaidi, S Mohammad Ali |
| 245 ## - TITLE STATEMENT | |
| Title | Rajasthan Urdu Reader, Part 2 and 3 Bound Together |
| 260 ## - PUBLICATION, DISTRIBUTION, ETC. (IMPRINT) | |
| Place of publication | Rajasthan |
| Name of publisher | Rajiya Prakash |
| Year of publication | 1960 |
| 300 ## - PHYSICAL DESCRIPTION | |
| Number of Pages | 88p, 108p |
| 500 ## - GENERAL NOTE | |
| General note | includes index and biblioraphy |
| 505 2# - FORMATTED CONTENTS NOTE | |
| Formatted contents note | Bibliography, Index |
| 650 ## - SUBJECT ADDED ENTRY--TOPICAL TERM | |
| Topical Term | Urdu-Coursr Book |
| 942 ## - ADDED ENTRY ELEMENTS (KOHA) | |
| Koha item type | Books |
| 700 1# - | |
| -- | Zaidi, S Mohammad Ali |
| Collection code | Home library | Current library | Date acquired | Cost, normal purchase price | Full call number | Accession Number | Koha item type |
|---|---|---|---|---|---|---|---|
| Henry Martyn Institute Library | Henry Martyn Institute Library | 06/07/2007 | 1.25 | 491.43 ZAI | 011074 | Books |
